000 00277nam a22001337a 4500
008 211019b ||||| |||| 00| 0 eng d
041 _aeng
080 _a316
082 _a316
100 _a50
101 _aSOC
245 _aInquiries in Sociology
_cSRSS
942 _2udc
_cBK
999 _c58266
_d58266